=LDR 00000nam 2200000 4500 =001 INLIS000000000809911 =008 ###################################ind## =035 ##$$a 0010-0925000036 =245 ##$$a Ziarah Kubur Yang Ternoda / $c Muhyiddin Al-Barkawi =260 ##$$b Darul Haq =084 ##$$a 297.262 MUH